[Event "OHS2013"]
[Site "?"]
[Date "2013.03.11"]
[Round "6.8"]
[White "Radi, Günter"]
[Black "Göldenboog, Jürgen"]
[Result "0-1"]
[WhiteElo "1959"]
[BlackElo "1840"]
[PlyCount "114"]
[EventDate "2013.03.12"]
[SourceDate "2013.03.12"]

1. d4 d5 2. c4 e6 3. Nc3 Nf6 4. Nf3 Be7 5. Bf4 c6 6. e3 O-O 7. h3 Qa5 8. a3 Ne4
9. Rc1 Nd7 10. Bd3 Ndf6 11. O-O Nxc3 12. Rxc3 dxc4 13. Rxc4 Bd7 14. Ne5 Rfc8
15. Qc2 g6 16. Rc1 Qd8 17. Qe2 Nh5 18. Bh2 f6 19. Nxd7 Qxd7 20. g4 Ng7 21. Qf3
Rf8 22. Qg2 e5 23. Bb1 Bd6 24. Ba2 Kh8 25. Kh1 Qe7 26. d5 c5 27. e4 b5 28. R4c3
a5 29. f3 a4 30. Bg1 c4 31. Be3 Ne8 32. Bb1 Nc7 33. Qd2 Na6 34. Rd1 Rac8 35.
Bh6 Rf7 36. Bc2 Qd7 37. Be3 b4 38. axb4 Bxb4 39. Ra1 Bxc3 40. Qxc3 Nc5 41. Kg2
Nb3 42. Rh1 Qb5 43. g5 Qa5 44. Qxa5 Nxa5 45. Bxa4 c3 46. b4 Nc4 47. Bc5 fxg5
48. Rc1 Ra8 49. Bb3 Nd2 50. Rxc3 Nxb3 51. Rxb3 Ra2+ 52. Kg3 h5 53. h4 gxh4+ 54.
Kxh4 Rf4+ 55. Kh3 g5 56. Rd3 Rh4+ 57. Kg3 Rah2 0-1

[Event "OHS 2013"]
[Site "Herne"]
[Date "2013.03.11"]
[Round "6.9"]
[White "Wloczek, Josef"]
[Black "Winterkamp, Sascha"]
[Result "1-0"]
[WhiteElo "1910"]
[BlackElo "1956"]
[PlyCount "58"]
[EventDate "2013.??.??"]
[SourceDate "2013.03.13"]

1. e4 c5 2. Nf3 d6 3. Nc3 a6 4. g3 Nc6 5. Bg2 g6 6. Nd5 e6 7. Ne3 Bg7 8. c3 Nf6
9. d3 Qc7 10. O-O O-O 11. Nh4 Rb8 12. f4 Ne7 13. Qe2 b5 14. Bd2 Bb7 15. Nf3 Qd7
16. Bh3 c4 17. Ng4 Nxg4 18. Bxg4 cxd3 19. Qxd3 Qc6 20. Rae1 d5 21. e5 Qc4 22.
Qb1 Nc6 23. Be3 Ne7 24. Nd2 Qc6 25. Bd4 Ba8 26. Nb3 Rfc8 27. a3 Bf8 28. Qd1 Qc7
29. Nc5 Qc6 1-0

[Event "OHS2013"]
[Site "?"]
[Date "2013.03.11"]
[Round "6.10"]
[White "Schmidt, Ralph"]
[Black "Wolff, Christoph"]
[Result "1-0"]
[WhiteElo "1889"]
[BlackElo "2000"]
[PlyCount "27"]
[EventDate "2013.03.12"]
[SourceDate "2013.03.13"]

1. e4 c5 2. Nc3 Nc6 3. d3 d6 4. Be3 Nf6 5. d4 cxd4 6. Bxd4 Nxd4 7. Qxd4 e6 8.
Rd1 Be7 9. e5 dxe5 10. Qxe5 Bd7 11. Bb5 O-O 12. Bxd7 Nxd7 13. Qb5 Bf6 14. Nge2
1-0

[Event "OHS2013"]
[Site "?"]
[Date "2013.03.11"]
[Round "6.11"]
[White "Klüting, Reiner"]
[Black "Barth, Hans-Joachim"]
[Result "1/2-1/2"]
[WhiteElo "1886"]
[BlackElo "1695"]
[PlyCount "53"]
[EventDate "2013.03.12"]
[SourceDate "2013.03.13"]

1. e4 c5 2. Nf3 d6 3. d4 cxd4 4. c3 Nf6 5. Bd3 dxc3 6. Nxc3 Nc6 7. h3 g6 8. Bf4
Bg7 9. Qd2 Qb6 10. Be3 Qa5 11. O-O O-O 12. a3 Bd7 13. h4 Qd8 14. Rac1 a6 15.
Rfd1 Be6 16. Qe2 Nd7 17. Nd5 Bxd5 18. exd5 Nce5 19. Nxe5 Nxe5 20. Bb1 b5 21.
Ba2 Rc8 22. Bd4 Rxc1 23. Rxc1 Nf3+ 24. Qxf3 Bxd4 25. Rc6 Qa8 26. Qd3 Qa7 27.
Qc2 1/2-1/2

[Event "OHS 2013"]
[Site "Herne"]
[Date "2013.03.11"]
[Round "6.12"]
[White "Scheibe, Werner"]
[Black "Bleich, Karl-Heinz"]
[Result "1-0"]
[WhiteElo "1864"]
[BlackElo "1543"]
[PlyCount "73"]
[EventDate "2013.??.??"]
[SourceDate "2013.03.13"]

1. e4 e5 2. f4 d5 3. exd5 e4 4. d3 exd3 5. Bxd3 Nf6 6. c4 Bc5 7. h3 O-O 8. Nf3
Re8+ 9. Kf1 c6 10. Nc3 Nh5 11. g4 Ng3+ 12. Kg2 Nxh1 13. Kxh1 Be3 14. Bxh7+ Kf8
15. Be4 Bxc1 16. Rxc1 cxd5 17. Bxd5 Re3 18. Ng5 Qd6 19. Qd4 Qe7 20. Nce4 Re2
21. Bxf7 Nc6 22. Qd5 g6 23. Bxg6 Bd7 24. Ng3 Re1+ 25. Rxe1 Qxe1+ 26. Kg2 Qe7
27. Be4 Rd8 28. Nh7+ Kg7 29. Nh5+ Kh8 30. Ng5 Rf8 31. a3 Be8 32. Ne6 Bf7 33.
Nhg7 Rd8 34. Qf5 Qh4 35. Nxd8 Nxd8 36. Nh5 Bg8 37. Qe5+ 1-0

[Event "OHS2013"]
[Site "?"]
[Date "2013.03.11"]
[Round "6.13"]
[White "Krause, Tanja"]
[Black "Funke, Eckhard"]
[Result "0-1"]
[WhiteElo "1697"]
[BlackElo "1861"]
[PlyCount "106"]
[EventDate "2013.03.12"]
[SourceDate "2013.03.13"]

1. e4 c5 2. Nf3 d6 3. d4 cxd4 4. Qxd4 Nc6 5. Bb5 Bd7 6. Bxc6 Bxc6 7. Nc3 e6 8.
Qd3 Nf6 9. Bg5 Be7 10. O-O-O O-O 11. Kb1 d5 12. Bxf6 Bxf6 13. e5 Be7 14. h4 f5
15. exf6 Bxf6 16. Rde1 Bd7 17. Rd1 Be8 18. h5 Qb6 19. Nd4 Bxd4 20. Qxd4 Qxd4
21. Rxd4 Rxf2 22. g4 Bc6 23. Re1 Bd7 24. Nd1 Rf7 25. c4 Raf8 26. cxd5 exd5 27.
Nc3 Rf1 28. Rxf1 Rxf1+ 29. Kc2 Rg1 30. Nxd5 Bxg4 31. Nf4 Bf5+ 32. Kb3 Kf7 33.
Ne2 Re1 34. Rf4 g6 35. hxg6+ hxg6 36. Nd4 Re3+ 37. Kb4 Re4 38. Rxe4 Bxe4 39.
Kc3 Kf6 40. Nb5 Ke5 41. Kd2 a6 42. Nc3 Kf4 43. Ke2 Bf3+ 44. Kf2 g5 45. Nb1 g4
46. Nd2 g3+ 47. Kg1 Bd5 48. a3 Ke3 49. Nf1+ Kf3 50. Nd2+ Ke2 51. Nb1 Kd3 52.
Nc3 Bc6 53. Na2 Kc2 0-1

[Event "OHS2013"]
[Site "?"]
[Date "2013.03.11"]
[Round "6.14"]
[White "Sikorski, Thomas"]
[Black "Klinke, Werner"]
[Result "0-1"]
[WhiteElo "1656"]
[BlackElo "1844"]
[PlyCount "142"]
[EventDate "2013.03.12"]
[SourceDate "2013.03.13"]

1. c4 c5 2. Nf3 Nf6 3. d4 cxd4 4. Nxd4 Nc6 5. Nc3 e6 6. e4 Bb4 7. Bg5 h6 8.
Bxf6 Qxf6 9. Ndb5 O-O 10. a3 Bc5 11. Qd2 a6 12. Nd6 Nd4 13. Rd1 Bxd6 14. Qxd4
Be5 15. Qe3 Bc7 16. Be2 d6 17. O-O Qe7 18. f4 b6 19. Bf3 Rb8 20. e5 Bb7 21.
Bxb7 Rxb7 22. Qf3 Rbb8 23. Qc6 Rfd8 24. exd6 Rxd6 25. Rxd6 Qxd6 26. Qxd6 Bxd6
27. Ne4 Bc5+ 28. Nxc5 bxc5 29. Rf2 Rd8 30. Kf1 Rd4 31. b3 Rd1+ 32. Ke2 Rb1 33.
Rf3 Rb2+ 34. Kf1 Kf8 35. Rd3 Ke7 36. h3 g5 37. fxg5 hxg5 38. Rg3 f5 39. Rxg5
Rxb3 40. h4 Rxa3 41. h5 Kf6 42. Rg6+ Kf7 43. g3 a5 44. Rg5 Rb3 45. h6 Rb8 46.
Rg7+ Kf6 47. Rc7 a4 48. h7 Ra8 49. Ra7 Rh8 50. Rxa4 Rxh7 51. Ra5 Rc7 52. Ke2
Ke5 53. Ke3 Rc6 54. Rb5 Kd6 55. Kf4 Ra6 56. Rb8 Ra4 57. Rb6+ Kd7 58. Ke5 Rxc4
59. Rd6+ Kc7 60. Rxe6 Re4+ 61. Kxf5 Rxe6 62. Kxe6 c4 63. g4 c3 64. g5 c2 65. g6
c1=Q 66. Kf7 Qf4+ 67. Kg8 Kd7 68. g7 Ke7 69. Kh7 Qh4+ 70. Kg8 Qg5 71. Kh7 Kf7
0-1

[Event "OHS2013"]
[Site "?"]
[Date "2013.03.11"]
[Round "6.15"]
[White "Deutschmann, Jürgen"]
[Black "Müller-Kreth, Kai"]
[Result "0-1"]
[WhiteElo "1536"]
[BlackElo "1795"]
[PlyCount "120"]
[EventDate "2013.03.12"]
[SourceDate "2013.03.13"]

1. d4 d5 2. c4 c6 3. Nf3 Bf5 4. Nc3 Nf6 5. Qb3 Qb6 6. Qxb6 axb6 7. Bf4 dxc4 8.
Nd2 b5 9. e4 Bg6 10. Be2 e6 11. a3 Nbd7 12. O-O Be7 13. g4 Nb6 14. h4 h5 15. f3
hxg4 16. fxg4 Rxh4 17. Bg5 Rh7 18. Kg2 Nxg4 19. Bxe7 Ne3+ 20. Kg1 Nxf1 21. Rxf1
Kxe7 22. Bf3 Rd8 23. Ne2 Na4 24. b3 cxb3 25. Nxb3 Bh5 26. Na5 Bxf3 27. Rxf3 Rd7
28. Nb3 b6 29. e5 Rh4 30. Kf2 c5 31. Ke3 c4 32. Nd2 Rd8 33. Ne4 Rdh8 34. Nf4
Rh1 35. Nd6 Rb1 36. Ng6+ fxg6 37. Rf7+ Kd8 38. Nb7+ Kc8 39. Nd6+ Kb8 40. Rxg7
Rb3+ 41. Kf4 c3 42. Rb7+ Ka8 43. Rc7 Rb2 44. Kg5 c2 45. Kf6 Rh7 46. Rxh7 c1=Q
47. Rh8+ Ka7 48. Rh7+ Ka6 49. Kxe6 Rc2 50. Rh8 Rc7 51. Ra8+ Ra7 52. Rxa7+ Kxa7
53. Kd7 Kb8 54. Nxb5 Qc8+ 55. Ke7 g5 56. e6 g4 57. Kf7 g3 58. d5 g2 59. Nd6
Qc7+ 60. e7 g1=Q 0-1

[Event "OHS2013"]
[Site "?"]
[Date "2013.03.11"]
[Round "6.17"]
[White "Schäfer, Michael"]
[Black "Nagel, Frank"]
[Result "1/2-1/2"]
[WhiteElo "1660"]
[BlackElo "1585"]
[PlyCount "74"]
[EventDate "2013.03.12"]
[SourceDate "2013.03.12"]

1. e4 d5 2. exd5 Qxd5 3. Nc3 Qa5 4. d4 Nf6 5. Be2 Ne4 6. Qd3 Nxc3 7. bxc3 c6 8.
Nf3 Bf5 9. Qd2 e6 10. O-O Be7 11. Ne5 h6 12. a4 O-O 13. Bd3 Bxd3 14. Qxd3 Bf6
15. Ng4 Nd7 16. Qg3 Kh7 17. Re1 c5 18. Nxf6+ Nxf6 19. dxc5 Qxc5 20. Ba3 Qc6 21.
Bxf8 Rxf8 22. c4 Kg8 23. Qd3 Qc7 24. Rad1 Rc8 25. Rb1 b6 26. Rb2 Ng4 27. g3 Qc5
28. Re2 Qh5 29. f4 Qc5+ 30. Kg2 Qc6+ 31. Qe4 Qxa4 32. Qf3 Nf6 33. f5 exf5 34.
Qxf5 Qxc4 35. c3 Rc5 36. Re5 Rc6 37. Re3 a5 1/2-1/2

[Event "OHS2013"]
[Site "?"]
[Date "2013.03.11"]
[Round "6.19"]
[White "Stenzel, Gerhard"]
[Black "Buscham, Björn"]
[Result "1-0"]
[WhiteElo "1629"]
[BlackElo "1496"]
[PlyCount "53"]
[EventDate "2013.03.12"]
[SourceDate "2013.03.13"]

1. d4 d5 2. c4 c6 3. Nc3 Nf6 4. Nf3 dxc4 5. e4 b5 6. Bg5 h6 7. Bxf6 exf6 8. d5
cxd5 9. exd5 Bb4 10. a4 Bd7 11. Qd4 Qb6 12. axb5 Bc5 13. Qe4+ Kd8 14. Qc2 Re8+
15. Kd1 Bxf2 16. Bxc4 Bg4 17. Be2 Bxf3 18. Bxf3 Nd7 19. Qa4 Ne5 20. Qa5 Qxa5
21. Rxa5 Nxf3 22. gxf3 Bd4 23. Ne2 Bxb2 24. b6 a6 25. Rg1 g6 26. Rg4 Kc8 27.
Rb4 1-0

[Event "OHS 2013"]
[Site "Herne"]
[Date "2013.03.11"]
[Round "6.20"]
[White "Grunwald, Günther"]
[Black "Milk, Joshua"]
[Result "1-0"]
[WhiteElo "1569"]
[BlackElo "1192"]
[PlyCount "57"]
[EventDate "2013.??.??"]
[SourceDate "2013.03.13"]

1. e4 c5 2. c3 e5 3. Nf3 d6 4. d4 cxd4 5. cxd4 Nd7 6. Bb5 a6 7. Bxd7+ Bxd7 8.
dxe5 dxe5 9. Nxe5 Qa5+ 10. Nc3 Qxe5 11. O-O Bc5 12. Nd5 O-O-O 13. Bf4 Qxe4 14.
b4 Ba7 15. Nb6+ Bxb6 16. Qd6 Bc6 17. Qb8+ Kd7 18. Rad1+ Bd4 19. Qc7+ Ke6 20.
Rde1 Bxf2+ 21. Kxf2 Rd2+ 22. Bxd2 Nf6 23. Kg1 Re8 24. Rxe4+ Nxe4 25. Qxf7+ Ke5
26. Bf4+ Kd4 27. Rd1+ Nd2 28. Rxd2+ Ke4 29. Re2+ 1-0

[Event "OHS 2013"]
[Site "Herne"]
[Date "2013.03.11"]
[Round "6.21"]
[White "Böcker, Marcus"]
[Black "Czarnecki, Günter"]
[Result "1-0"]
[WhiteElo "1246"]
[BlackElo "1087"]
[PlyCount "32"]
[EventDate "2013.??.??"]
[SourceDate "2013.03.13"]

1. e4 e5 2. d4 exd4 3. Nf3 Nc6 4. Nxd4 Nxd4 5. Qxd4 Nf6 6. Nc3 b6 7. Bg5 Be7 8.
e5 c5 9. Qd2 Ng8 10. Ne4 Bxg5 11. Nxg5 h6 12. Ne4 Ne7 13. Nd6+ Kf8 14. Qf4 f5
15. exf6 Ng6 16. fxg7+ Kg8 1-0

[Event "OHS2013"]
[Site "?"]
[Date "2013.03.11"]
[Round "6.22"]
[White "Kümmel, Hans-Jürgen"]
[Black "Rochol, Jürgen"]
[Result "1-0"]
[WhiteElo "1301"]
[BlackElo "1400"]
[PlyCount "87"]
[EventDate "2013.03.12"]
[SourceDate "2013.03.13"]

1. Nf3 Nf6 2. c4 g6 3. d4 Bg7 4. Nc3 d5 5. Qb3 Nc6 6. cxd5 Na5 7. Qb5+ c6 8.
dxc6 bxc6 9. Qa4 Bd7 10. Ne5 Rb8 11. b4 Nb7 12. Bg5 O-O 13. e3 Qc7 14. Be2 Rbc8
15. O-O Be6 16. Rfc1 Nd6 17. Bf3 Bd7 18. Nxd7 Qxd7 19. Bxf6 exf6 20. Ne2 Nb5
21. Rc5 f5 22. Rac1 Rfd8 23. Qb3 Nd6 24. Rxc6 Rxc6 25. Rxc6 Ne4 26. Bxe4 fxe4
27. Qc2 Re8 28. b5 Qb7 29. a4 Bf8 30. Qc4 Re7 31. Ng3 a6 32. Rxa6 Rc7 33. Rc6
Bd6 34. Rxc7 Bxc7 35. d5 Qb8 36. Qxe4 Bd8 37. Qc4 f5 38. a5 Kf7 39. Qc6 Ke7 40.
a6 Bc7 41. Qe6+ Kd8 42. Qg8+ Ke7 43. Qxb8 Bxb8 44. b6 1-0

[Event "OHS 2013"]
[Site "Herne"]
[Date "2013.03.11"]
[Round "6.23"]
[White "Nioduschewski, Nils"]
[Black "Heinz, Hans-Werner"]
[Result "1-0"]
[WhiteElo "1260"]
[BlackElo "1169"]
[PlyCount "67"]
[EventDate "2013.??.??"]
[SourceDate "2013.03.13"]

1. c4 e5 2. Nc3 c6 3. Nf3 d6 4. e3 Nf6 5. d4 e4 6. Nd2 d5 7. c5 Be7 8. Be2 O-O
9. O-O b5 10. cxb6 axb6 11. f3 exf3 12. Bxf3 Re8 13. a3 Bd6 14. e4 Qc7 15. e5
Bxe5 16. dxe5 Qxe5 17. Qe2 Qd4+ 18. Qf2 Qd3 19. Be2 Qg6 20. Nf3 Ne4 21. Nxe4
dxe4 22. Nh4 Qe6 23. Bg4 Qd5 24. Bxc8 Rxc8 25. Qxb6 Nd7 26. Qf2 f6 27. Nf5 Re8
28. Qg3 g6 29. Be3 Kh8 30. Bh6 Rg8 31. Nd6 f5 32. Rad1 Qe6 33. Qc3+ Ne5 34. Bf4
1-0

[Event "OHS 2013"]
[Site "?"]
[Date "2013.03.04"]
[Round "5.1"]
[White "Melmer, Felix"]
[Black "Kolakovic, Klaudio"]
[Result "0-1"]
[WhiteElo "1996"]
[BlackElo "2001"]
[PlyCount "96"]
[EventDate "2013.03.05"]
[SourceDate "2013.03.06"]

1. f4 d5 2. Nf3 Nh6 3. c3 Nc6 4. d3 f6 5. Qc2 e5 6. e4 dxe4 7. dxe4 Bc5 8. b4
Bb6 9. h3 Qe7 10. a4 a5 11. b5 Nd8 12. Ba3 Bc5 13. f5 O-O 14. Bc4+ Kh8 15. g4
Bd7 16. Rh2 Ndf7 17. Bc1 Be8 18. Bb3 c6 19. Na3 Rd8 20. bxc6 Bxc6 21. Nc4 b6
22. Ne3 Bxe3 23. Bxe3 Qb7 24. Nd2 Rxd2 25. Rxd2 Bxe4 26. Qa2 Qc7 27. Rc1 Bf3
28. Bd1 e4 29. Bxf3 Qg3+ 30. Rf2 exf3 31. Qd5 Re8 32. Qd4 Ng5 33. Kd2 Ne4+ 34.
Kd3 Nxf2+ 35. Bxf2 Qxh3 36. Rg1 Nf7 37. Kc4 Qh2 38. Kb5 Qc7 39. Bg3 Ne5 40. Qd5
Qxc3 41. Rd1 f2 42. Bh4 Qb2+ 43. Ka6 Qe2+ 44. Qb5 Ra8+ 45. Kb7 Qxd1 46. Kxa8
Qh1+ 47. Kb8 Nc6+ 48. Kc7 f1=Q 0-1

[Event "OHS 2013"]
[Site "?"]
[Date "2013.03.04"]
[Round "5.2"]
[White "Bartel, Mario"]
[Black "Zwielich, Frank"]
[Result "1-0"]
[WhiteElo "2101"]
[BlackElo "1951"]
[PlyCount "75"]
[EventDate "2013.03.05"]
[SourceDate "2013.03.05"]

1. e4 c5 2. Nf3 e6 3. d4 cxd4 4. Nxd4 a6 5. Nc3 Qc7 6. Be2 Nf6 7. O-O b5 8. Bf3
Bb7 9. e5 b4 10. exf6 bxc3 11. Bxb7 Qxb7 12. fxg7 Bxg7 13. bxc3 Nc6 14. Bf4
Nxd4 15. cxd4 Qe4 16. Be3 Rc8 17. Rc1 Rg8 18. g3 h5 19. Qxh5 Bf6 20. Qa5 Rh8
21. Qxa6 Ra8 22. Qd3 Qf3 23. c4 Qh5 24. h4 Bxh4 25. Qe4 Bd8 26. Qg2 Rxa2 27.
Ra1 Qa5 28. Rxa2 Qxa2 29. Rc1 Qe2 30. d5 Qd3 31. dxe6 fxe6 32. c5 Bf6 33. c6 d5
34. c7 Kd7 35. Qf3 Qg6 36. Qf4 Ra8 37. Qb4 Qd3 38. c8=Q+ 1-0

[Event "OHS 2013"]
[Site "?"]
[Date "2013.03.04"]
[Round "5.3"]
[White "Trzaska, Peter"]
[Black "Schmidt, Ralph"]
[Result "1-0"]
[WhiteElo "2075"]
[BlackElo "1898"]
[PlyCount "61"]
[EventDate "2013.03.05"]
[SourceDate "2013.03.05"]

1. d4 Nf6 2. c4 g6 3. Nc3 Bg7 4. e4 d6 5. Nf3 O-O 6. Be2 Na6 7. O-O c5 8. d5
Nc7 9. h3 a6 10. a4 Rb8 11. Bf4 Bd7 12. e5 dxe5 13. Nxe5 Rc8 14. Qb3 Nfe8 15.
a5 Nd6 16. Nxd7 Qxd7 17. Na4 Na8 18. Bg4 Nf5 19. Rfe1 Rfe8 20. Rad1 Bd4 21. Be5
Bxe5 22. Rxe5 Qc7 23. Rde1 Nd4 24. Qc3 f5 25. Bd1 Kf7 26. b4 b6 27. axb6 Nxb6
28. Nxc5 a5 29. Qxd4 axb4 30. Ne6 Qxc4 31. Rxf5+ 1-0

[Event "OHS 2013"]
[Site "?"]
[Date "2013.03.04"]
[Round "5.4"]
[White "Markert, Dr., Dirk"]
[Black "Radi, Günter"]
[Result "1-0"]
[WhiteElo "1846"]
[BlackElo "1959"]
[PlyCount "101"]
[EventDate "2013.03.04"]
[SourceDate "2013.03.05"]

1. e4 e6 2. d4 d5 3. Nd2 c5 4. c3 cxd4 5. cxd4 dxe4 6. Nxe4 Bb4+ 7. Nc3 Nc6 8.
Nf3 Nge7 9. Bd3 h6 10. O-O a6 11. Bc2 Ba5 12. a3 Bb6 13. Be3 Nd5 14. Qd3 Nce7
15. Ne5 Bc7 16. f4 Nf5 17. Bd2 Bb6 18. Ba4+ Kf8 19. Ne2 Ba7 20. Rac1 Qb6 21.
Rxc8+ Ke7 22. Rxh8 Rxh8 23. Nc4 Qd8 24. Rc1 Kf6 25. g4 Nd6 26. Nxd6 Qxd6 27.
g5+ hxg5 28. fxg5+ Ke7 29. Qg3 Qb6 30. Bb4+ Nxb4 31. Rc7+ Kd8 32. Rd7+ Kc8 33.
axb4 Bb8 34. Qc3+ Bc7 35. Ng3 Kb8 36. Qc5 Rc8 37. Kg2 Bd8 38. Qxb6 Bxb6 39. Ne4
Rc1 40. Nc5 Bc7 41. Rxf7 Rb1 42. Nd3 Ra1 43. Bb3 a5 44. b5 a4 45. Bxe6 Rd1 46.
Bc4 Rd2+ 47. Rf2 Rd1 48. h4 b6 49. Ne5 Bd6 50. Nc6+ Ka8 51. Rf7 1-0

[Event "OHS 2013"]
[Site "?"]
[Date "2013.03.04"]
[Round "5.5"]
[White "Reinholz, Benjamin"]
[Black "Göldenboog, Jürgen"]
[Result "1-0"]
[WhiteElo "1963"]
[BlackElo "1840"]
[PlyCount "83"]
[EventDate "2013.03.05"]
[SourceDate "2013.03.06"]

1. e4 c6 2. d4 d5 3. Nc3 dxe4 4. Nxe4 Nf6 5. Nxf6+ gxf6 6. Bf4 Bf5 7. Nf3 e6 8.
Qd2 Bd6 9. O-O-O Qc7 10. Bxd6 Qxd6 11. Qa5 Nd7 12. h3 h5 13. Bd3 Bxd3 14. Rxd3
Nb6 15. Rb3 Qd5 16. Qa3 Nc4 17. Qb4 b5 18. Rd1 a5 19. Qc5 Qxc5 20. dxc5 Ke7 21.
Nd4 Rac8 22. f4 Rhg8 23. g3 Rgd8 24. Rbd3 Rd5 25. b3 Na3 26. Kb2 b4 27. c4 Rxc5
28. Nf3 a4 29. Rd7+ Ke8 30. Rb7 axb3 31. axb3 Nxc4+ 32. bxc4 Rxc4 33. Rdd7 Rc3
34. Re7+ Kf8 35. Rxf7+ Kg8 36. Rg7+ Kh8 37. Nh4 Rxg3 38. Rxg3 Rd8 39. Ng6+ Kg8
40. Ne5+ Kf8 41. Rf7+ Ke8 42. Rg8# 1-0

[Event "OHS 2013"]
[Site "Herne"]
[Date "2013.03.04"]
[Round "5.6"]
[White "Winterkamp, Sascha"]
[Black "Kiese, Matthias,Prof.Dr."]
[Result "1/2-1/2"]
[WhiteElo "1956"]
[BlackElo "2125"]
[PlyCount "66"]

1. e4 c5 2. Nf3 d6 3. d4 cxd4 4. Nxd4 Nf6 5. Nc3 a6 6. Bg5 e6 7.
f4 Be7 8. Qf3 Qc7 9. O-O-O Nbd7 10. g4 b5 11. Bxf6 Nxf6 12. g5 Nd7 13. f5 Bxg5+
14. Kb1 Ne5 15. Qh5 Qe7 16. Nxe6 Bxe6 17. fxe6 g6 18. exf7+ Kxf7 19. Qh3 Kg7
20. Nd5 Qd8 21. Qa3 Rf8 22. Bd3 Bh4 23. Rhf1 Bf2 24. Be2 Ra7 25. h4 Bc5 26. Qg3
Raf7 27. Nf4 Qe7 28. a3 Kh8 29. Nd3 Rxf1 30. Rxf1 Rxf1+ 31. Bxf1 Qf6 32. Be2
Nc4 33. Qg4 Kg7 1/2-1/2

[Event "OHS 2013"]
[Site "?"]
[Date "2013.03.04"]
[Round "5.7"]
[White "Müller-Kreth, Kai"]
[Black "Mancic, Ivan"]
[Result "0-1"]
[WhiteElo "1795"]
[BlackElo "2086"]
[PlyCount "86"]
[EventDate "2013.03.05"]
[SourceDate "2013.03.06"]

1. d4 d6 2. c4 Nf6 3. Nc3 e5 4. dxe5 dxe5 5. Qxd8+ Kxd8 6. Bg5 c6 7. Nf3 Nbd7
8. O-O-O Kc7 9. a3 a5 10. h3 Ne8 11. e3 f6 12. Bh4 Nd6 13. Bg3 b6 14. Be2 Nc5
15. Nd2 Be6 16. b3 a4 17. bxa4 Nxa4 18. Ncb1 b5 19. f4 Nf5 20. Bf2 Bc5 21. fxe5
Bxe3 22. Bxe3 Nxe3 23. Rde1 Nxg2 24. Reg1 Nf4 25. Rxg7+ Kb6 26. Bf1 fxe5 27.
Rg5 Nc5 28. Kc2 e4 29. Re5 Rhe8 30. Kc3 e3 31. Nf3 Na4+ 32. Kc2 e2 33. Bxe2
Nxe2 34. Rxe2 Bf5+ 35. Kd2 Rad8+ 36. Ke1 Bxb1 37. cxb5 cxb5 38. Ne5 Bg6 39. Kf2
Rd5 40. Rhe1 Rf8+ 41. Kg3 Nc5 42. Rb2 Nd3 43. Nxg6 Rg5+ 0-1

[Event "OHS 2013"]
[Site "?"]
[Date "2013.03.04"]
[Round "5.8"]
[White "Funke, Eckhard"]
[Black "Wickenfeld, Stefan"]
[Result "0-1"]
[WhiteElo "1861"]
[BlackElo "2073"]
[PlyCount "88"]
[EventDate "2013.03.04"]
[SourceDate "2013.03.05"]

1. d4 f5 2. e4 fxe4 3. Nc3 Nf6 4. Bg5 Nc6 5. d5 Ne5 6. Qe2 Nf7 7. Bf4 c6 8.
O-O-O cxd5 9. Nxd5 Nxd5 10. Rxd5 e6 11. Qxe4 Be7 12. Rh5 g6 13. Rh3 Bf6 14. Rb3
O-O 15. Nf3 a5 16. a4 d5 17. Qe3 Nd6 18. Be5 Nf5 19. Qb6 Bxe5 20. Nxe5 Qh4 21.
Nf3 Qxa4 22. Ra3 Qc6 23. Qxc6 bxc6 24. Ne5 c5 25. f3 Nd6 26. b3 Kg7 27. Kb2 Kf6
28. Ng4+ Ke7 29. Ne5 Bd7 30. Nxd7 Kxd7 31. Bd3 Kc6 32. Re1 Rfe8 33. Ra4 Ra7 34.
Rf4 Rf7 35. Rg4 e5 36. h4 Rf4 37. Rxf4 exf4 38. Rh1 c4 39. bxc4 dxc4 40. Bf1
Re1 41. h5 gxh5 42. Kc3 h4 43. Rxh4 Rxf1 44. Rxh7 Rb1 0-1

[Event "OHS 2013"]
[Site "?"]
[Date "2013.03.04"]
[Round "5.9"]
[White "Löffelbein, Klaus"]
[Black "Deutschmann, Jürgen"]
[Result "1-0"]
[WhiteElo "1870"]
[BlackElo "1536"]
[PlyCount "111"]
[EventDate "2013.03.04"]
[SourceDate "2013.03.05"]

1. d4 d5 2. c4 c6 3. Nf3 Bg4 4. Ne5 Bf5 5. cxd5 Bxb1 6. Rxb1 Qxd5 7. e3 e6 8.
Bd2 Nf6 9. Be2 Nbd7 10. Bf3 Qd6 11. Qb3 Qc7 12. Rc1 Bd6 13. Nxc6 Qb6 14. Na5
Qxb3 15. Nxb3 Rb8 16. O-O O-O 17. Rc2 e5 18. Rfc1 e4 19. Be2 b6 20. Rc6 Be7 21.
a3 a5 22. Bb5 Nd5 23. Be1 f5 24. Bc4 N7f6 25. Rxf6 Rxf6 26. Bxd5+ Kh8 27. Bc6
h5 28. d5 Rbf8 29. Bc3 R6f7 30. Nd4 Kh7 31. Ne6 Rc8 32. Be5 Bf6 33. Bd4 Bxd4
34. Nxd4 Rd7 35. Ne2 Rd6 36. g3 h4 37. Kg2 g5 38. Nc3 Kg7 39. Rb1 Rh8 40. g4
h3+ 41. Kg3 Kg6 42. gxf5+ Kxf5 43. Nb5 Rf6 44. Rf1 g4 45. Bd7+ Kg5 46. Bxg4 Rh4
47. f4+ exf3 48. Bxf3 Rh8 49. Be2 Rg8 50. Rxf6 Kxf6+ 51. Kxh3 Rg5 52. d6 Re5
53. Kg4 Rxe3 54. Bf3 Ke6 55. Kf4 Rb3 56. Nd4+ 1-0

[Event "OHS 2013"]
[Site "?"]
[Date "2013.03.04"]
[Round "5.10"]
[White "Fischöder, Heiko"]
[Black "Klüting, Reiner"]
[Result "1-0"]
[WhiteElo "1939"]
[BlackElo "1887"]
[PlyCount "59"]
[EventDate "2013.03.04"]
[SourceDate "2013.03.05"]

1. d4 Nf6 2. c4 e5 3. dxe5 Ne4 4. Nd2 Bb4 5. a3 Nxd2 6. Bxd2 Bxd2+ 7. Qxd2 Nc6
8. Nf3 Qe7 9. Qc3 O-O 10. O-O-O Re8 11. Rd5 b6 12. e3 Bb7 13. Kb1 Rad8 14. Bd3
Nb8 15. Bc2 Bxd5 16. cxd5 d6 17. Qd3 g6 18. e6 fxe6 19. dxe6 Nc6 20. Ba4 Ne5
21. Nxe5 dxe5 22. Bd7 Rf8 23. f3 Rf6 24. Rc1 Kf8 25. Qd5 Qd6 26. Qxd6+ cxd6 27.
Rc7 a5 28. Rb7 d5 29. Rxb6 Ke7 30. Rb5 1-0

[Event "OHS 2013"]
[Site "Herne"]
[Date "2013.03.04"]
[Round "5.12"]
[White "Nagel, Frank"]
[Black "Ribbeheger, Egdar"]
[Result "0-1"]
[WhiteElo "1585"]
[BlackElo "1986"]
[PlyCount "28"]

1. d4 d5 2. c4 e6 3. Nc3 c6 4. e3 Nf6 5. Nf3 Bd6 6. cxd5 exd5 7.
Be2 O-O 8. O-O Re8 9. a3 Bf5 10. b4 Nbd7 11. Bb2 Ne4 12. Rc1 Qf6 13. Qb3 Qh6
14. b5 Nd2 0-1

[Event "OHS 2013"]
[Site "Herne"]
[Date "2013.03.04"]
[Round "5.13"]
[White "Gorzinski, Dariusz"]
[Black "Schäfer, Michael"]
[Result "1-0"]
[WhiteElo "1923"]
[BlackElo "1660"]
[PlyCount "35"]

1. e4 e6 2. d4 d5 3. e5 c5 4. c3 Nc6 5. Nf3 Qb6 6. a3 a5 7. b3
cxd4 8. cxd4 Bd7 9. Be3 f6 10. Bd3 O-O-O 11. O-O Be7 12. Nc3 Re8 13. Qc2 Kb8
14. Na4 Qa7 15. Rfc1 f5 16. b4 Rc8 17. Nc5 Bxc5 18. dxc5 1-0

[Event "OHS 2013"]
[Site "?"]
[Date "2013.03.04"]
[Round "5.14"]
[White "Steinke, Hans-Jörg"]
[Black "Wloczek, Josef"]
[Result "0-1"]
[WhiteElo "1640"]
[BlackElo "1919"]
[PlyCount "60"]
[EventDate "2013.03.05"]
[SourceDate "2013.03.06"]

1. d4 Nf6 2. c4 e6 3. Nf3 b6 4. g3 Bb7 5. Bg2 Bb4+ 6. Bd2 Be7 7. Nc3 Ne4 8.
Nxe4 Bxe4 9. O-O O-O 10. Ne5 Bxg2 11. Kxg2 d6 12. Nf3 c5 13. Bc3 Bf6 14. Rc1
Nd7 15. e4 Qc7 16. d5 e5 17. Qd3 Rfe8 18. Nd2 Nf8 19. f4 Qd7 20. fxe5 Bxe5 21.
Bxe5 Rxe5 22. Rf5 Rae8 23. Rcf1 f6 24. Rxe5 Rxe5 25. Rf5 Ng6 26. b3 Qe8 27. Qc2
Rxf5 28. exf5 Qe2+ 29. Kh3 Ne5 30. Qc3 Nd3 0-1

[Event "OHS 2013"]
[Site "?"]
[Date "2013.03.04"]
[Round "5.15"]
[White "Wiese, Thomas"]
[Black "Sikorski, Thomas"]
[Result "1/2-1/2"]
[WhiteElo "1753"]
[BlackElo "1656"]
[PlyCount "128"]
[EventDate "2013.03.04"]
[SourceDate "2013.03.05"]

1. b3 c6 2. Bb2 d6 3. f4 Nf6 4. Nf3 Bg4 5. e3 Nbd7 6. Be2 Bxf3 7. Bxf3 e5 8. d3
exf4 9. exf4 Qb6 10. Qe2+ Be7 11. Qf2 Qb4+ 12. Qd2 d5 13. Qxb4 Bxb4+ 14. c3 Bc5
15. Na3 O-O 16. Nc2 Rfe8+ 17. Kd2 Re7 18. Rhe1 Rae8 19. Rxe7 Rxe7 20. a4 Bf2
21. Rf1 Bb6 22. Ba3 c5 23. Re1 Kf8 24. Rxe7 Kxe7 25. Ne3 Ke6 26. g4 d4 27. cxd4
cxd4 28. Nf5 Ne8 29. Ng3 Bc5 30. Bb2 Bd6 31. Ne2 Bb4+ 32. Kc2 Bc3 33. Nxc3 dxc3
34. Bxc3 b6 35. Bc6 g6 36. b4 Nef6 37. Bf3 Nd5 38. Bd2 f5 39. gxf5+ gxf5 40.
Kb3 Nf8 41. Kc4 Nc7 42. d4 Kd6 43. Be1 Ng6 44. Bb7 Kd7 45. Bd2 Ne6 46. d5 Nexf4
47. b5 Ne5+ 48. Kd4 Nf3+ 49. Ke3 Nxd2 50. Kxf4 Ne4 51. Bc6+ Kd6 52. Kxf5 Nc3
53. h4 Nxa4 54. Kf6 Nc3 55. Kg7 Nxd5 56. Bxd5 Kxd5 57. Kxh7 a5 58. bxa6 Kc6 59.
Kg7 b5 60. h5 b4 61. h6 b3 62. h7 b2 63. h8=Q b1=Q 64. Qc8+ Kd6 1/2-1/2